000 00445nam a2200145Ia 4500
008 090124s9999 xx 000 0 und d
082 _b202236
245 _a वायरमन (तारतंत्री)
250 _a1
260 _bशेकटकर मु.रं
_c1970
300 _a157
630 _a वायरमन (तारतंत्री)
730 _a वायरमन (तारतंत्री)
942 _cBOOK
999 _c183817
_d183817